00631nam a2200193Ia 4500008004100000020001800041082001400059100002700073245003600100250000800136260004500144300002300189500001900212600003300231650001600264942000700280952013300287999001700420240925s9999 xx 000 0 und d a9788120352483 a519.5 AST aAsthana, Hari Shankar. 0aStatistics for Social Sciences  a2nd aNew Delhi:bPHI learning Pvt Ltdc,2016. a336p.b0fOriginal aIncludes Index aHumanities & Natural Science aMathematics cBK 001040708HUMaUITUbUITUd2019-01-23eAllied Book Companyg2285.92l0o519.5 ASTpQ14009r2024-09-25 07:17:06w2024-09-25yBK c16508d16508